[Event "Morelia/Linares 24th"]
[Site "Morelia/Linares"]
[Date "2007.03.09"]
[Round "13"]
[White "Carlsen, Magnus"]
[Black "Svidler, Peter"]
[Result "1/2-1/2"]
[WhiteElo "2690"]
[BlackElo "2728"]
[Annotator "Marin,M"]
[PlyCount "57"]
[EventDate "2007.02.17"]
[EventType "tourn"]
[EventRounds "14"]
[EventCountry "ESP"]
[EventCategory "20"]
[SourceTitle "CBM 117"]
[Source "ChessBase"]
[SourceDate "2007.03.30"]
[SourceVersion "1"]
[SourceVersionDate "2007.03.30"]
[SourceQuality "1"]

1. d4 Nf6 2. c4 g6 3. Nf3 Bg7 4. g3 c6 5. Bg2 d5 6. Qa4 $5 {If White intends
to avoid the symmetrical position arising after the exchange on d5, he usually
defends his c-pawn with 6.b3 or 6.Qb3. However, the game move has also been
played and could simply transpose to 6.Qb3 if Black captures on c4.} O-O 7. O-O
Bf5 ({Black takes advantage of the lack of pressure against the b7-pawn to
take the important e4-square under control. The attempt to take advantage of
the queen's placement on a4 with} 7... Nbd7 {fails to equalize completely, for
instance} 8. cxd5 Nb6 9. Qa3 cxd5 ({Now,} 9... Nfxd5 {would be met by} 10. e4
Nc7 11. Nc3 {, consolidating White's advantage of space.}) 10. Nc3 Nc4 11. Qb4
e6 12. Bf4 Re8 13. Ne5 Bf8 14. Qb3 Nd6 15. Bg5 Be7 16. Rfd1 Nf5 {Black has
moved arond with thisknight quite a lot. Little wonder that White's
development is superior, allowing him obtain a strong initiative with} 17. e4 {
, Portisch-Ivkov, Petropolis Interzonal 1973.}) 8. Nc3 Nbd7 9. cxd5 Nb6 10. Qb3
Nfxd5 {Black has not managed to put White's central pawn under pressure, but
his development is acceptable and the thematical advance e2-e4 quite difficult
to carry out. A typcal position for the Grünfeld.} 11. Rd1 Qd6 12. Bd2 Nxc3 13.
Bxc3 Qe6 14. d5 {Under different circumstances (a better development for White)
, such a pawn break would be advantageous, but here it will just lead to
simplifications.} cxd5 15. Bxg7 Kxg7 16. Nd4 Qf6 17. Nxf5+ Qxf5 18. a4 Rfd8 19.
a5 Nc4 20. Qxb7 e6 21. e4 dxe4 22. Bxe4 Qe5 23. Bg2 Nxa5 24. Qxa8 Rxa8 25. Bxa8
Qe2 26. Re1 Qd2 27. Red1 Qe2 28. Re1 Qd2 29. Red1 1/2-1/2

[Event "Amber-rapid 16th"]
[Site "Monte Carlo"]
[Date "2007.03.22"]
[Round "5"]
[White "Leko, Peter"]
[Black "Carlsen, Magnus"]
[Result "1/2-1/2"]
[WhiteElo "2749"]
[BlackElo "2690"]
[Annotator "Rogozenco,D"]
[PlyCount "56"]
[EventDate "2007.03.17"]
[EventType "tourn (rapid)"]
[EventRounds "11"]
[EventCountry "MNC"]
[EventCategory "20"]
[SourceTitle "CBM 118"]
[Source "ChessBase"]
[SourceDate "2007.05.31"]
[SourceVersion "1"]
[SourceVersionDate "2007.05.31"]
[SourceQuality "1"]

1. Nf3 Nf6 2. c4 c6 3. d4 d5 4. e3 Bf5 5. Nc3 a6 {Magnus likes to play this.}
6. Ne5 ({A few days later in the blindfold game versus Carlsen, Ivanchuk
achieved an advantage by less committal means:} 6. Bd2 e6 7. Nh4 Be4 8. f3 Bg6
9. Qb3 Ra7 10. O-O-O Be7 11. Nxg6 hxg6 12. Kb1 O-O 13. g4 $14 {1/2-1/2
Ivanchuk,V (2750)-Carlsen,M (2690)/Blindfold Monte Carlo MNC 2007 (58)}) (6.
Qb3 $14) 6... Nbd7 {This developing move is better than 6...h6, which Carlsen
played in the Corus tournament.} (6... h6 7. Qb3 Ra7 8. cxd5 cxd5 9. Bd2 e6 10.
Rc1 Nbd7 11. Bb5 Bd6 12. Nxd7 Nxd7 13. Bxd7+ Qxd7 $2 ({Black has good chances
to defend after the surprising} 13... Kxd7 $1) 14. Na4 O-O 15. Nb6 Qd8 16. Nc8
Qxc8 17. Rxc8 Rxc8 18. Qb6 Bb8 19. O-O $18 {1-0 Ponomariov,R (2723)-Carlsen,M 
(2690)/Wijk aan Zee 2007 (30)}) 7. g4 $146 {This new attempt to refute Black's
set-up will soon backfire. However, it led to a very exciting game.} Nxe5 8.
dxe5 ({Considering what happened in the game, preferable is} 8. gxf5 Nxc4 9. e4
{with more chances to prove compensation}) 8... Nxg4 9. cxd5 Nxe5 10. f4 $6 {
Uncharacteristically for Leko (but rather typically for the spirit of the
Amber tournament) White forgets completely about strategical principles. Now
his king becomes too exposed.} ({It was still possible to fight for
compensation with the help of normal means:} 10. e4 Bg4 11. Be2 Bxe2 12. Qxe2 {
and although Black is better, White retains enough resources to put up a fight.
}) 10... e6 $1 {With this piece sacrifice Magnus cleverly underlines the
drawbacks of White's concept} ({Possibly the Hungarian GM came to the
conclusion that in the event of the natural continuation} 10... Bg4 11. Be2
Bxe2 12. Qxe2 Nd7 {White has compensation, although is seems that Black should
be able to complete development without problems}) (10... Ng6 11. e4 $44) 11.
fxe5 Qh4+ 12. Kd2 O-O-O {There are many attractive possibilities for Black,
but Carlsen's play is very energetic.} 13. Qe1 {This allows a nice refutation.}
(13. Bd3 Bb4 14. Bxf5 (14. d6 Bxd3 15. Kxd3 Bxd6 16. Qe2 Bxe5+ 17. Kc2 {
Three pawns and the attack for the knight secure Black the advantage.}) 14...
Rxd5+ 15. Bd3 Rxd3+ (15... Rhd8 16. Kc2 Rxd3 17. Qxd3 Rxd3 18. Kxd3) 16. Kxd3
Rd8+ 17. Kc2 Rxd1) 13... Rxd5+ $1 {Very strong and not an obvious idea.} 14.
Nxd5 Qe4 {[%cal Ge4c2] A good "human" move.} ({However, the computer finds the
fantastic} 14... Qd8 $3 {creating several threats, the main one being a check
with the bishop on b4. Black is winning in all variations. For instance after}
15. Ke2 Bg4+ 16. Kf2 {the queen returns} Qh4+ $1 {Here is the main difference
to the game: after giving the check with the bishop on g4 from d8 the queen
can access square h4 again.}) 15. Nb6+ $2 {The knight had to remain on d5 to
control the vital square b4.} ({The only move to defend was} 15. Ke2 $1 {Then}
cxd5 (15... Qg4+ 16. Kf2 Qh4+ 17. Ke2 $11) (15... Qxh1 16. Nb6+ Kc7 {
transposes to the game}) 16. Qc3+ Kb8 17. Rg1 Bg4+ 18. Kf2 Qf3+ (18... Bb4 $2
19. Rxg4 $1 Qxg4 20. Qd4) 19. Ke1 Be7 20. Rxg4 Qxg4 21. Qd4 Bh4+ 22. Kd2 {
and Black keeps the initiative, but there is nothing forced}) 15... Kc7 16. Ke2
Qxh1 $2 ({Missing the simple} 16... Qg4+ 17. Kf2 Qh4+ 18. Ke2 Bg4+ 19. Kd2 Bb4+
{and Black wins the queen}) 17. Qa5 $1 {Suddenly White achieves some
counterplay.} Qxh2+ 18. Kf3 Qh5+ 19. Kf2 Qh4+ (19... Kb8 20. Nd7+ Ka7 $4 21.
Qb6+ Ka8 22. Qd8+ Ka7 23. Qb8#) 20. Ke2 $2 {The computer shows the difference
again: closing the diagonal a6-f1 could be fatal for White.} (20. Kg1 $1 Kb8
21. Nd7+ Ka8 (21... Ka7 22. e4 $1 $132 {[%cal Gc1e3]}) 22. Bxa6 {and Black
must repeat the position by giving checks}) 20... Qg4+ ({After the triangular
manoeuvre with the king, Black escapes from White's checks:} 20... Kb8 $1 21.
Nd7+ Ka8 22. Nb6+ Ka7 23. Nc8+ Kb8 {The material is about equal, but White's
exposed king makes his position hopeless:} 24. Nd6 Be7 25. Nxf5 exf5 26. Bd2
Qg4+ $19) 21. Kf2 Qh4+ 22. Ke2 Qh2+ 23. Kf3 Bg4+ {Nice, but Black has no more
pieces left with which to attack and must force perpetual anyway.} 24. Kxg4
Qg1+ 25. Kf3 Qxf1+ 26. Kg3 Qg1+ 27. Kf3 Qf1+ 28. Kg3 Qg1+ 1/2-1/2

[Event "Candidates sf"]
[Site "Elista"]
[Date "2007.05.29"]
[Round "1.3"]
[White "Carlsen, Magnus"]
[Black "Aronian, Levon"]
[Result "1-0"]
[WhiteElo "2693"]
[BlackElo "2759"]
[Annotator "Marin,M"]
[PlyCount "81"]
[EventDate "2007.05.27"]
[EventType "k.o."]
[EventRounds "12"]
[EventCountry "RUS"]
[SourceTitle "CBM 119"]
[Source "ChessBase"]
[SourceDate "2007.08.01"]
[SourceVersion "1"]
[SourceVersionDate "2007.08.01"]
[SourceQuality "1"]

1. Nf3 Nf6 2. c4 b6 3. g3 c5 4. Bg2 Bb7 5. O-O e6 ({After his recent success
in the rapid match against Kramnik, Aronian seems to like the Hedgehog more
than his previous weapon - the double fianchetto:} 5... g6) 6. Nc3 Be7 7. Re1
d5 {However, this is a clear deviation from the Hedgehog structure.} ({A true
Hedgehog adherent would always play} 7... d6 8. e4 a6 9. d4 cxd4 10. Nxd4 Qc7 {
and, although Black is under strong pressure, his counterchances are not to be
neglected.}) 8. cxd5 Nxd5 9. d4 $5 {A rare move.} ({The main continuation is
considerd to be} 9. e4 Nb4 (9... Nxc3 10. bxc3 O-O 11. d4 {transposes to a
relatively unpleasant (for Black) variation of the Queen's Indian, strongly
advocated by Kramnik some 10 years ago. Among his "scalps" we can find such
outstanding names as Anatoly Karpov (twice!)}) 10. d4 cxd4 11. Nxd4 N8c6 12.
Nxc6 Qxd1 13. Rxd1 Bxc6 {and Black has managed to somewhat simplify the
position, with good chances to maintain the balance even.}) 9... Nxc3 (9...
cxd4 {is the main alternative.} 10. Qxd4 Nxc3 $6 {A premature release of the
tension, helping White consolidate his advantage of development.} (10... O-O $1
) 11. Qxc3 O-O 12. Bf4 $14 Bf6 13. Be5 Bxe5 $6 {Same comment.} (13... Nd7) 14.
Nxe5 Bxg2 15. Kxg2 Qd5+ 16. Qf3 $1 Rd8 17. Red1 Qxf3+ 18. Kxf3 Na6 19. Nc6 $16
{Erdelyi,T (2365)-Delanoy,A (2210)/Kecskemet 1991/TD (1-0, 37). A typical
Catalan ending. Major simplifications have only consolidated White's advantage.
He has a wonderful knight on c6 and the more active king.}) 10. bxc3 Be4 $6 ({
This is the only way to prevent the transposition to the aforementioned
variation after} 10... O-O 11. e4 {. However, moving around with the bishop
while several other pieces find themselves on their initial squares still will
leave Black with big problems of development.}) 11. Ne5 $1 {It might seem that
this exchange favours Black, who las less space, but White's initiative will
soon become very threatening.} Bxg2 12. Kxg2 O-O 13. e4 Qc8 $146 (13... Qc7 14.
Bf4 Bd6 15. Qf3 Nc6 {1/2-1/2 Dementiev,O (2490)-Gofshtein,L (2415)/Yerevan
1981/MCD. Slightly premature decision.} 16. Nxc6 Bxf4 (16... Qxc6 17. d5 exd5
18. e5 $1 Be7 19. c4 $16) 17. d5 $14) 14. Qg4 Bf6 15. Nf3 {/\e5, Bh6.} Kh8 16.
h4 Nc6 (16... h6 {only weakens the kingside and does not prevent} 17. Bg5 $5 {
in any way.}) 17. Bg5 $16 cxd4 {Black has to accept the deterioration of his
kingside structure.} ({In the event of} 17... Bxg5 18. hxg5 {followed by Rh1,
the black king would be in great danger. We can see here that the move Kxg2
can be considered a developing move in a more general sense, casting
additional doubt over Aronian's 10...Be4.}) 18. Bxf6 gxf6 19. cxd4 e5 20. Qxc8
Raxc8 21. d5 Na5 {Black has managed to exchange queens and enjoys the
perspective of installing the knight on the excellent blockading d6-square.
Besides, he has occupied the only open file already. Aronian probably hoped
that all these aspects would compensate for the chronic weakness of his
kingside, but Carlsen's subtle play will prove the contrary.} 22. h5 {Clearing
the way for the knight towards f5.} Nc4 23. Nh4 Nd6 {Black's knight has
succeded in occupying the optimal square first, but that is not the endof the
story yet...} 24. h6 {This is Carslen's only debatable move in a generally
marvellously played game. His desire to put the enemy king under the permanent
threat of aback rank mate is understandable, but the c-file also deserved some
attention.} (24. Rac1 $5 {/\h6 would have maintained his advantage intact.}
Rxc1 (24... h6 25. Kf3 $16) 25. Rxc1 Nxe4 26. Rc7 $16) 24... Rc3 25. Rac1 Rfc8
$6 {Not sensing the danger.} ({He should have grabbed his chance to complicate
matters with} 25... Nxe4 $5 26. Nf5 Rd8 (26... Rfc8 $2 27. Rxc3 Nxc3 28. Rc1 b5
29. Ne7 Rc4 30. d6 b4 31. a3 a5 32. axb4 axb4 33. d7 Rd4 34. Ra1 $18) 27. Rxc3
Nxc3 28. d6 b5 {and Black's achievements on the queenside seem to be a
reasonable match for White's advantage on the other wing. However, the
difference between the kings' activity can make itself felt after} 29. f4 e4
30. Kf2 $14 {when despite his extra-pawn Black is struggling.}) 26. Rxc3 Rxc3 {
Black has obtained an active placement of his pieces and "only" needs to
centralize his king in order to obtain an entirely viable position. Can White
really prevent this?} 27. Nf5 $3 {A fantastic move, proving a very deep
understanding of the position. White gives up the plan of installing a piece
on f5 and provokes a radical modification of the structure. In doing so, he
destroys Black's apparent stability in the centre and clears the e4-square for
his own rook.} Nxf5 28. exf5 Kg8 (28... Rc7 29. Kf3 $16) (28... b5 29. Rb1 a6
30. a4 $16) 29. Re4 Kf8 (29... Rc7 30. Rg4+ Kh8 31. d6 Rd7 32. Rc4 Rd8 33. d7
$18) 30. Rg4 Rc7 31. Rg7 b5 32. Rxh7 Kg8 (32... b4 33. Rh8+ Ke7 34. h7 $18) 33.
Rg7+ Kh8 {The king has been forced to the corner anyway. The fact that the
threat of a back rank mate has been removed is a feeble consolation.} (33...
Kf8 34. Rg4 Rc4 35. Rxc4 bxc4 36. d6 $18) 34. d6 Rd7 35. Kf3 $18 b4 36. Ke4 {
[%cal Ye4c6]} Rxd6 37. Rxf7 Ra6 38. g4 Kg8 39. h7+ (39. Rg7+ Kh8 40. Rg6 {
is also winning, but Carslen's method is more elegant.}) 39... Kh8 40. g5 fxg5
41. f6 {[%cal Ye4g6]} 1-0

[Event "Candidates sf"]
[Site "Elista"]
[Date "2007.06.02"]
[Round "1.6"]
[White "Aronian, Levon"]
[Black "Carlsen, Magnus"]
[Result "1/2-1/2"]
[WhiteElo "2759"]
[BlackElo "2693"]
[Annotator "Rogozenco,D"]
[PlyCount "94"]
[EventDate "2007.05.27"]
[EventType "k.o."]
[EventRounds "12"]
[EventCountry "RUS"]
[SourceTitle "CBM 119"]
[Source "ChessBase"]
[SourceDate "2007.08.01"]
[SourceVersion "1"]
[SourceVersionDate "2007.08.01"]
[SourceQuality "1"]

1. d4 Nf6 2. Nf3 d5 3. c4 c6 4. Nc3 dxc4 5. a4 Bf5 6. Ne5 Nbd7 7. Nxc4 Nb6 8.
Ne5 a5 ({Exchanging a pair of knights is one of the main strategical ideas for
Black in this system. However, trying to do so immediately is a mistake:} 8...
Nfd7 9. e4 Nxe5 (9... Bg6 10. a5 (10. Nxg6 hxg6 11. a5 Nc8 12. Qb3 $16) 10...
Nxe5 (10... Nc8 11. a6 $18) 11. axb6 Nd7 12. Rxa7 Nxb6 13. Rxb7 e6 14. Be3 $16)
10. exf5 Ned7 (10... Nec4 11. a5 $18) 11. a5 $16 Nc8 (11... Nd5 $142 12. Nxd5
cxd5 13. Qb3 $5 $16) 12. a6 $1 b6 (12... bxa6 $142 13. Bxa6 $16 {/+-}) 13. d5
$1 $18 {1-0 Fridman,D (2562)-Maze,S (2525)/Marseille 2006 (24)}) ({Also bad is
} 8... Nbd7 $6 9. Qb3 Nxe5 10. dxe5 Ng4 11. Qxb7 Nxe5 12. f4 (12. Bf4 Rb8 13.
Qxa7 Rxb2 14. Rd1 Nd7 15. e4 e5 16. Bc1 $1 Rc2 17. exf5 Rxc3 18. Qb7 $16) 12...
Ng6 (12... Ng4 13. Qxc6+ Bd7 14. Qf3 $16) 13. e4 Bd7 $2 (13... Qc8 $8 14. Qxc8+
(14. Ba6 Bd7 15. a5 e5 $1 16. f5 Qxb7 17. Bxb7 Rb8 18. a6 Nf4 $132 {[%cal
Gf4d3,Gf4g2,Gf8c5]}) 14... Bxc8 15. Be3 e6 (15... e5 16. f5 $14) 16. O-O-O $14)
14. f5 Ne5 15. Bf4 f6 16. Bxe5 fxe5 17. Rd1 $18 {1-0 Kasparov,G (2805)-Timman,
J (2635)/Riga 1995 (22)}) 9. g3 ({Alternatives are} 9. f3) ({and lately the
fashionable} 9. Bg5) 9... Nfd7 (9... e6 10. Bg2 Bb4 11. O-O O-O 12. e3 h6 13.
Qe2 Bh7 14. Rd1 Nfd7 $14 {/=}) 10. Nxd7 (10. Nd3 e5 $5 (10... Bxd3 11. Qxd3 e6
(11... e5 $5) 12. Bg2 Be7 13. O-O O-O 14. Rd1 $14 {1-0 Cech,P (2404)-Holemar,D
(2380)/Brno 2004 (30)}) (10... Nd5 11. Bg2 Nb4 12. e4 Bg4 13. f3 $16 {1-0
Blagojevic,D (2450)-Kirov,N (2435)/Cetinje 1996 (40)}) 11. dxe5 Nc5 12. e4 (12.
Nxc5 Qxd1+ 13. Nxd1 Bxc5 $44) 12... Be6 13. Nxc5 Bxc5 14. Qxd8+ Rxd8 $44) (10.
Nf3 e6 11. Bg2 Bb4 12. O-O O-O 13. e4 Bg4 $11 {1/2-1/2 Komarov,D (2566)-Berkes,
F (2602)/France 2004 (22)}) 10... Qxd7 (10... Nxd7 11. Bg2 e6 12. O-O Bb4 13.
e4 Bg6 14. f4 $5 h6 15. f5 $36 {1-0 Gyimesi,Z (2553)-Shaw,J (2465)/Cappelle la
Grande 2004 (53)}) 11. e4 (11. h3 e6 (11... e5 $5) 12. e4 Bg6 13. Bg2 Bb4 14.
O-O O-O $11) 11... Bh3 ({Worse is} 11... Bg4 12. f3 Bh3 13. Bxh3 Qxh3 14. Qb3
Ra6 (14... Qg2 15. Rf1 Ra6 16. d5 e5 17. dxe6 $18) 15. Be3 Qg2 $2 (15... e6 16.
Kf2 $16) 16. O-O-O Qxf3 17. Rhe1 $18 {1-0 Nielsen,P (2636)-Timman,J (2616)/
Malmo 2002 (23)}) 12. Bxh3 ({After} 12. Be2 {Black achieved excellent play in
the game in which 11...Bh3 was played for the first time:} e6 13. Be3 Qc7 (
13... Bb4 14. d5 Nc8 15. dxc6 Qxd1+ 16. Rxd1 bxc6 $11) 14. d5 exd5 15. Qd4 Nc4
16. exd5 (16. Bxc4 dxc4 17. Qxc4 O-O-O $17) 16... Nxe3 17. Qxe3+ Be7 {1/2-1/2
Bu Xiangzhi (2640)-Sokolov,I (2676)/Turin 2006 (48)}) 12... Qxh3 13. Qb3 Ra6 {
This relatively new; the theoretical position is considered to offer Black
reasonable chances. Aronian's next novelty is a good attempt to improve, but
the position remains rather double-edged anyway.} 14. Bf4 $1 $146 ({Previously
} 14. Be3 {was played:} e6 15. d5 Bb4 16. dxe6 Qxe6 17. Qxe6+ fxe6 18. Bxb6
Rxb6 19. O-O-O Bc5 20. f4 Ke7 {0-1 Gyimesi,Z (2611)-Bu Xiangzhi (2644)/
Bundesliga 2007 (82), with an edge for Black.}) 14... e6 15. Be5 $5 {Before
playing Bc7 White would like to provoke some weaknesses in opponent's pawn
formation.} (15. Bc7 {brings nothing in view of} Bb4) 15... Bb4 ({After} 15...
f6 16. Bc7 Bb4 17. O-O-O O-O {strong is} 18. Ne2 $1 {pointing out drawbacks of
15...f6.} (18. Kb1 Rf7) (18. Na2 c5 19. Nxb4 c4 $5 20. Qa3 axb4 21. Qxb4 Nxa4
$132 {[%csl Rc1]}) (18. d5 cxd5 19. exd5 Nxd5 (19... Nd7 $5) 20. Nxd5 exd5 21.
Qxd5+ Qe6 $11 (21... Kh8 22. Kb1 $13))) 16. Bxg7 Rg8 17. Be5 Qg2 18. O-O-O Bxc3
19. Qxc3 (19. bxc3 Qxe4 20. c4 Qe2 $11) 19... Qxe4 20. Rhe1 Qd5 ({In case of} 
20... Qf5 {White can consider} 21. d5 $5 {with initiative:} cxd5 (21... Nxd5
22. Rxd5 exd5 (22... cxd5 23. Qc8+ Ke7 24. Qxb7+ $18) 23. Qc5 $1 {and White
wins}) 22. Qc7 (22. Rxd5 $5 Nxd5 (22... exd5 $2 23. Bd6+ $18) 23. Qc8+ Ke7 24.
Qxb7+ Kf8 25. Qxa6 Qxf2 26. Qd6+ Ke8 27. Rd1 $13) 22... Qg5+ 23. Kb1 Qe7 (23...
Qd8 24. Qc2 $44 {[%csl Rh7][%cal Gf2f4,Gf4f5]}) 24. Qb8+ Qd8 25. Qxb7 Qc8 26.
Qxc8+ Nxc8 27. Rc1 $14) 21. b3 Qd7 22. Qc2 Qe7 {Continuing the same courageous
strategy started with 15...Bb4. Carlsen sacrifices the pawn on h7.} ({More to
the point looks to me} 22... Rg6 23. h4 h5 {with a complicated position:} 24.
Qe2 (24. Kb2 $14 {/~~}) 24... Qe7 25. Kb2 Qb4 {[%cal Gb6a4]} 26. Ra1 Rg4 $13)
23. Qxh7 Rg6 (23... Qa3+ 24. Kd2 Rg6 (24... Qa2+ 25. Qc2 $16) 25. Re3 $1 Qb2+
$140 26. Ke1 $16) 24. Re3 $5 {It turns out that White can defend conveniently
even with his queen on h7.} (24. Kb2 Qb4 $132) ({Aronian must have came to the
conclusion that in spite of his extra pawn White's winning chances are not so
high after} 24. Qh8+ Qf8 (24... Kd7 25. d5 $1 cxd5 ({or} 25... Nxd5 26. Qb8 $40
) 26. Qb8 $40) 25. Qxf8+ Kxf8) 24... Nd5 (24... Qa3+ 25. Kb1 $16) 25. Rf3 Qf8
26. h4 ({Interesting was the unexpected blow} 26. Bd6 {although it is not
clear if this is better than the game:} Rg7 (26... Qxd6 $2 27. Qxf7+ Kd8 28.
Qxg6 $18) (26... Rh6 27. Rxf7 $1 Qxf7 28. Qxh6 Qf3 29. Qxe6+ Kd8 30. Qg6 Qxb3
31. Bc5 $16) 27. Qh6 (27. Bxf8 Rxh7 {[%csl Rf8,Rh2]}) 27... Qg8 {[%cal Gg7h7]}
28. h4 $14) 26... Rh6 (26... Rb6 27. Kb2 $14) 27. Qc2 Ra8 {So White won a pawn,
but making progress is extremely difficult. Black has a powerful knight on d5
and always keeps counterplay possibilities against White's king. In my opinion
the position is objectively just slightly better for White. In practice it
might be even easier to play with Black, who must fight against White's ideas,
whereas White still must search for those ideas.} 28. Qd2 Rh5 29. Kb2 Qg8 30.
Re1 Qg6 31. Bd6 Rd8 32. Ba3 Qg4 {Both sides are maneuvering, trying to improve.
Essentially there are no changes in the position.} 33. Rd3 Rf5 34. Re5 Kd7 35.
Qe2 Rg8 {These moves must have been made when both opponents where short of
time. It is not easy to figure out who will benefit from the exchange of
queens.} 36. Qe1 {Aronian is trying to exploit his opponent's pawn on a5, but
Carlsen succeeds in keeping counterplay without making the move ...b6.} ({
Apparently more logical is to play the endgame after} 36. Qxg4 Rxg4 {but how
to make progress still remains an open question. On the other hand here White
at least won't have to worry about a possible attack against his king.} 37.
Rxf5 exf5 $44 {[%cal Gf5f4]}) 36... Rg6 37. Re2 Rf3 38. Rxf3 Qxf3 39. Rc2 Qf6
40. Qxa5 Qxd4+ 41. Ka2 Rf6 42. f4 {[%csl Rg3] Unlike his opponent, Aronian
doesn't have any problems advancing his pawns. But f2-f4 weakens the g3-pawn
and this factor is immediately exploited by Carlsen.} ({Some chances for
advantage were kept by} 42. Bc5 Qe4 43. Rd2 Rf3 44. Qa7 Kc7 45. Be3 $1 $14 {
[%cal Ga7d4] and bad is} Nxe3 $4 46. Qa5+ b6 47. Qa7+ Kc8 48. Qa8+ Kc7 49. Qd8+
Kb7 50. Rd7+ Ka6 51. Qa8#) (42. Qa8 Nc3+ $11) 42... Rg6 $11 (42... Qd3 {
also not bad, but the game continuation is convincing enough}) 43. Qa8 Nb4+ 44.
Bxb4 Qxb4 45. Rg2 (45. Rc4 Qd2+ 46. Ka3 Kc7 $1 47. Qf8 Rxg3 48. Qxf7+ Qd7 49.
Qxd7+ Kxd7 $11) 45... Rxg3 46. Rxg3 Qd2+ 47. Ka3 Qc1+ (47... Qc1+ 48. Kb4 Qxf4+
49. Kc5 Qf2+ $11) 1/2-1/2